ha-Memad ha-shelishi la-ḳarḳaʻ. (Record no. 31049)

MARC details
000 -LEADER
fixed length control field 00589cam a22002171 4500
001 - CONTROL NUMBER
control field he 65000545
003 - CONTROL NUMBER IDENTIFIER
control field DLC
005 - DATE AND TIME OF LATEST TRANSACTION
control field 20260227111430.0
008 - FIXED-LENGTH DATA ELEMENTS--GENERAL INFORMATION
fixed length control field 840307s1944 is 000 0 heb
010 ## - LIBRARY OF CONGRESS CONTROL NUMBER
LC control number he 65000545
035 ## - SYSTEM CONTROL NUMBER
System control number (OCoLC)19158113
040 ## - CATALOGING SOURCE
Original cataloging agency DLC
Transcribing agency MH
Modifying agency DLC
042 ## - AUTHENTICATION CODE
Authentication code premarc
050 00 - LIBRARY OF CONGRESS CALL NUMBER
Classification number HD951.P3
Item number L8
100 1# - MAIN ENTRY--PERSONAL NAME
Personal name Lurie, Zvi,
Dates associated with a name 1906-
245 13 - TITLE STATEMENT
Title ha-Memad ha-shelishi la-ḳarḳaʻ.
260 ## - PUBLICATION, DISTRIBUTION, ETC.
Place of publication, distribution, etc. Jerusalem :
Name of publisher, distributor, etc. ha-Ḳeren ha-ḳayemet le-Yiśraʼel,
Date of publication, distribution, etc. 704 [1944]
300 ## - PHYSICAL DESCRIPTION
Extent 47 p. ;
Dimensions 15 cm.
650 #0 - SUBJECT ADDED ENTRY--TOPICAL TERM
Topical term or geographic name entry element Land use
Geographic subdivision Israel.
752 ## - ADDED ENTRY--HIERARCHICAL PLACE NAME
Country or larger entity Israel
City Jerusalem

No items available.

Powered by Koha